Most Popular Songs in USA 10/25/2025 - Statistics

General Stats
  • This quiz has been taken 16 times
  • The average score is 8 of 15
Answer Stats
Rank Artist (Version) Answer Streams Radio Airplay Sales % Correct
3. HUNTR/X Golden 32.7 Million 48.9 Million 9.5 Thousand
88%
1. Taylor Swift The Fate Of Ophelia 49.5 Million 42.2 Million 11 Thousand
69%
5. Taylor Swift Elizabeth Taylor 29.4 Million 0.1 Million 0
63%
2. Taylor Swift Opalite 37.4 Million 5.8 Million 0
63%
9. Taylor Swift, Sabrina Carpenter The Life Of A Showgirl 21.6 Million 0.5 Million 0
63%
6. Taylor Swift Father Figure 27.3 Million 0 0
56%
4. Alex Warren Ordinary 20.4 Million 78.6 Million 4.5 Thousand
56%
11. Taylor Swift Cancelled! 20.1 Million 0 0
44%
15. Justin Bieber Daisies 7.8 Million 64.8 Million 0.9 Thousand
44%
14. Taylor Swift Honey 17.9 Million 0.1 Million 0
44%
13. Taylor Swift Ruin The Friendship 19.3 Million 0 0
44%
8. Taylor Swift Wood 22.6 Million 0.2 Million 0
44%
12. Taylor Swift Eldest Daughter 19.9 Million 0.1 Million 0
38%
10. Taylor Swift Actually Romantic 21.3 Million 0 0
31%
7. Taylor Swift Wi$h Li$t 23.2 Million 0.4 Million 0
31%
No matching quizzes found
Score Distribution
Percent of People with Each Score
Percentile by Number Answered
Your Score History
You have not taken this quiz